| 000 | 00359nam a2200133Ia 4500 | ||
|---|---|---|---|
| 005 | 20260328101507.0 | ||
| 008 | 260328s9999||||xx |||||||||||||| ||und|| | ||
| 100 | _aPhilippe, Robert | ||
| 245 | 0 |
_aLes metamorphoses de l'Humanite : _b Les cathedrales 1100-1300 / _cRobert Philippe |
|
| 260 | _bPlanete | ||
| 300 | _a253 p. | ||
| 650 | _aEDAD MEDIA | ||
| 942 | _cBK | ||
| 999 |
_c9063 _d9063 |
||